000 00694cam a22002533a 4500
001 22651
003 PGUSA
005 20140828083501.0
008 070917s2007||||xxu|||||s|||||000 | eng d
040 _aPGUSA
_beng
042 _adc
050 4 _aHN
100 1 _aLeacock, Stephen,
_d1869-1944
245 1 4 _aThe Unsolved Riddle of Social Justice
_h[electronic resource] /
_cStephen Leacock
260 _bProject Gutenberg,
_c2007
506 _aPublic domain in the USA.
516 _aElectronic text
653 _aSocialism
653 _aEconomics
653 _aSocial problems
830 0 _aProject Gutenberg
_v22651
856 4 0 _uhttp://www.gutenberg.org/ebooks/22651
942 _cEB
999 _c251906
_d251906